| 000 | 00550nam a22002057a 4500 | ||
|---|---|---|---|
| 999 |
_c6582 _d6582 |
||
| 003 | OSt | ||
| 005 | 20200205103202.0 | ||
| 008 | 200205b ||||| |||| 00| 0 eng d | ||
| 020 | _a0333947983 | ||
| 040 | _c040a | ||
| 082 |
_a361.3 _bBAN 2001 |
||
| 100 |
_aBanks, Sarah _913539 |
||
| 245 |
_aEthics and vvalues in social work / _cSarah Banks |
||
| 250 | _a2nd.ed. | ||
| 260 |
_aNew York _bPalgrave _c2001 |
||
| 300 |
_axiv,217p; _c11 cm. |
||
| 504 | _aIncludes bibliographical references and index | ||
| 650 | _2Social work | ||
| 942 |
_2ddc _cO_SHELF |
||